Statistics for Railway Stations in Oxfordshire (UK)

Click here to take the quiz!

General Stats

  • This quiz has been taken 62 times
    (61 since last reset)
  • The average score is 11 of 23

Answer Stats

Served ByAnswer% Correct
GWR, Chiltern
Railways,
CrossCountry
Oxford
98%
GWRDidcot
Parkway
84%
Chiltern
Railways
Bicester
Village
82%
GWR, Chiltern
Railways,
CrossCountry
Banbury
78%
Chiltern
Railways
Oxford
Parkway
68%
Chiltern
Railways
Bicester
North
58%
GWRRadley
58%
GWRGoring &
Streatley
48%
GWRHenley-on-
Thames
48%
GWRCharlbury
46%
GWRCulham
44%
GWRHanborough
40%
GWRAppleford
38%
GWRCholsey
36%
Chiltern
Railways
Islip
36%
GWRKingham
34%
GWRCombe
32%
GWRFinstock
32%
GWR, Chiltern
Railways
Heyford
28%
GWR, Chiltern
Railway
Tackley
28%
GWRAscott-under-
Wychwood
22%
GWRShiplake
18%
GWRShipton
18%

Score Distribution

Percentile by Number Answered

Percent of People with Each Score

Your Score History

You have not taken this quiz since the last reset